000 00297nam a22001337a 4500
008 210302b ||||| |||| 00| 0 eng d
020 _a9780062476340
041 _aeng
080 _a618
100 _a10
101 _aGJIN
245 _aThe Adrenal Thyroid Revolution
_cRomm,A
942 _2udc
_cBK
999 _c55481
_d55481